000 00623 a2200241 4500
001 OJ-fathom-728
003 FrMaCLE
005 20251214085449.0
007 cu ||||||m||||
008 180423e||||||||xx |||||s|||||||||0|en|d
024 7 _a10.4000/fathom.728
_2doi
040 _aFR-FrMaCLE
100 1 _aRamel, Annie
245 1 0 _aDesire and the Expressive Eye.
260 _c2018
540 _aAll rights reserved
650 4 _adésir
650 4 _aregard
650 4 _adesire
650 4 _agaze
700 1 _aGadoin, Isabelle
856 4 _uhttps://journals.openedition.org/fathom/728
_yDesire and the Expressive Eye
999 _c21053
_d21053